UBT Library

Out of its mind : (Record no. 42324)

000 -LEADER
fixed length control field 00878cam a22002657a 4500
001 - CONTROL NUMBER
control field 13804140
005 - DATE AND TIME OF LATEST TRANSACTION
control field 20180213032211.0
008 - FIXED-LENGTH DATA ELEMENTS--GENERAL INFORMATION
fixed length control field 041202s2002 mau b 001 0 eng d
010 ## - LIBRARY OF CONGRESS CONTROL NUMBER
LC control number 2004351666
015 ## - NATIONAL BIBLIOGRAPHY NUMBER
National bibliography number GBA2-X2398
020 ## - INTERNATIONAL STANDARD BOOK NUMBER
International Standard Book Number 0738206857
035 ## - SYSTEM CONTROL NUMBER
System control number (OCoLC)ocm49834163
040 ## - CATALOGING SOURCE
Original cataloging agency UKM
Transcribing agency UKM
Modifying agency KLG
-- OCLCQ
-- DLC
041 ## - LANGUAGE CODE
Language code of text/sound track or separate title eng
042 ## - AUTHENTICATION CODE
Authentication code lccopycat
080 ## - UNIVERSAL DECIMAL CLASSIFICATION NUMBER
Universal Decimal Classification number 616.890
082 04 - DEWEY DECIMAL CLASSIFICATION NUMBER
Classification number 616.890 HOB
Edition number 21
100 1# - Rafti
Rafti 7
101 ## - Shkurtesa
Shkurtesa NEU
245 10 - TITLE STATEMENT
Title Out of its mind :
Statement of responsibility, etc J. Allan Hobson & Jonathan A. Leonard.
504 ## - BIBLIOGRAPHY, ETC. NOTE
Bibliography, etc Includes bibliographical references (p. 271-280) and index.
906 ## - LOCAL DATA ELEMENT F, LDF (RLIN)
a 7
b cbc
c copycat
d 2
e ncip
f 20
g y-gencatlg
942 ## - ADDED ENTRY ELEMENTS (KOHA)
Source of classification or shelving scheme
Item type Books
Holdings
Withdrawn status Lost status Source of classification or shelving scheme Damaged status Not for loan Collection code Permanent location Current location Shelving location Date acquired Total Checkouts Full call number Barcode Date last seen Price effective from Koha item type
          Koleksioni i përgjithshem UBT - Lipjan UBT - Lipjan General Stacks 02/13/2018   616.890 HOB 002-2998174 02/13/2018 02/13/2018 Books
UBT Library © 2015-2024. All rights reserved University Education for Business and Technology